000 03013cam a22006494i 4500
003 PE-LiUPU
005 20250731180149.0
008 150706s r 000 0 d
020 _a9788492812332
035 _a(Sirsi) i9788492812332
040 _aPE-LiUPU
_bspa
_cPE-LiUPU
_erda
049 _aPRUA
082 0 4 _a519.5
_bR74
_221
082 0 4 _a519.2
_bR76 2011
_221
100 1 _aRodríguez Muñiz, Luis José,
_eautor.
245 1 0 _aMétodos estadísticos para ingeniería /
_cLuis J. Rodríguez Muñiz, Venancio Tomeo Perucha, Isaías Uña Juárez.
250 _a1a
264 1 _aMadrid :
_bGarceta,
_cD.L. 2011 .
300 _axii, 517 páginas :
_bilustraciones ;
_c26 cm.
336 _atext
_2rdacontent
337 _aunmediated
_2rdamedia
338 _avolume
_2rdacarrier
500 _aEn la cub.: 493 ejercicios desarrollados.
505 0 _aEstadística descriptiva -- Medidas de centralización -- Medidas de dispersión y de forma -- Regresión y correlación -- Sucesos aleatorios -- Probabilidad -- Variables aleatorias -- Distribuciones discretas y distribuciones continuas -- Introducción a la inferencia -- Contrastes de hipótesis paramétricas -- Introducción al análisis de la varianza -- Contrastes no paramétricos.
526 _aSEG44
526 _aSEG26
526 _aP159
526 _aP155
526 _aP154
526 _aP153
526 _aP150
526 _aP100
526 _aP31
526 _aP30
526 _aP26
526 _aP25
526 _aP24
526 _aP22
526 _aP15
526 _aP10
541 _g015-0015322;
541 _g0020-0000889;
541 _g001-00003175;
650 0 4 _aEstadística matemática
_vProblemas, ejercicios, etc.
700 1 _aTomeo Perucha, Venancio,
_eautor.
700 1 _aUña Juárez, Isaías,
_eautor.
910 _cbd
_d20120522
910 _btqv
_caic
_d20170119
942 _2ddc
_cBOOK
949 _a519.5 R74
_wDEWEY
_c1
_i67230
_lCCODEBUL1
_mBUL
_p55.00
_r0
_sY
_tBOOK
_u2015-7-6
_xINGENIERIA
_zUNKNOWN
_o.STAFF. Colección General
949 _a519.2 R76 2011
_wDEWEY
_c1
_iFJ05733
_lCCODEBUJ1
_mBUJ
_p40.00
_r0
_sY
_tBOOK
_u2017-01-19
_xINGENIERÍA
_PP25
_0COMPRA
_o.STAFF. Colección General Juliaca
994 _aC0
_bPEPRU
596 _a1 3
999 _a519.5 R74
_wDEWEY
_c54820
_i67230
_d54820
_e2017-5-2
_f2021-11-9
_g7
_lCCODEBUL1
_mBUL
_n7
_p55.00
_q3
_r0
_sY
_tBOOK
_u2015-7-6
_xINGENIERIA
_zUNKNOWN
_0COMPRA
_o.STAFF. Colección General
999 _a519.5 R74
_wDEWEY
_c2
_i74038
_d2019-5-14
_f2021-11-9
_g7
_lCCODEBUL1
_mBUL
_p43.65
_q6
_r0
_sY
_tBOOK
_u2016-7-14
_xINGENIERIA
_PP25
_0COMPRA
_o.STAFF. Colección General
999 _a519.2 R76 2011
_wDEWEY
_c1
_iFJ05733
_d2019-3-15
_e2018-5-23
_f2022-1-19
_g3
_lCCODEBUJ1
_mBUJ
_n1
_p40.00
_q3
_r0
_sY
_tBOOK
_u2017-1-19
_xINGENIERIA
_PP25
_o.STAFF. Colección General Juliaca
980 _81
_gALBERTO SANCHEZ Responsable de Automatización